FUNDAMENTALS OF PHARMACOGNOSY (Record no. 11630)

MARC details
000 -LEADER
fixed length control field 00345nam a22001577a 4500
003 - CONTROL NUMBER IDENTIFIER
control field SGT
020 ## - INTERNATIONAL STANDARD BOOK NUMBER
International Standard Book Number 81-89747-65-7
082 ## - DEWEY DECIMAL CLASSIFICATION NUMBER
Classification number 615.321
Item number F10S
100 ## - MAIN ENTRY--PERSONAL NAME
Personal name SARDANA, S & SHARMA. O.P
245 ## - TITLE STATEMENT
Title FUNDAMENTALS OF PHARMACOGNOSY
250 ## - EDITION STATEMENT
Edition statement 1ST
260 ## - PUBLICATION, DISTRIBUTION, ETC. (IMPRINT)
Place of publication, distribution, etc DELHI
Name of publisher, distributor, etc BIRLA
Year of Publication 2010
300 ## - PAGE DESCRIPTION
No. of Pages 412
650 ## - SUBJECT ADDED ENTRY--TOPICAL TERM
Topical term or geographic name as entry element PHARMACY
942 ## - ADDED ENTRY ELEMENTS (KOHA)
Source of classification or shelving scheme Dewey Decimal Classification
Koha item type Books
942 ## - ADDED ENTRY ELEMENTS (KOHA)
-- 3
Holdings
Withdrawn status Lost status Source of classification or shelving scheme Damaged status Not for loan Collection code Home library Current library Shelving location Date acquired Vendor Name Cost, normal purchase price SGTU Bill Number Total Checkouts Full call number Accession No. (Barcode) Date last seen Date last borrowed Bill Date Koha item type
    Dewey Decimal Classification     PHARMACY SGT FA-FP Library SGT FA-FP Library Text Book 30/05/2017 AHUJA PUB 250.00 SGTU 8043 2 615.321 F10S FP2309 23/05/2025 05/05/2025 11/04/2017 Books
    Dewey Decimal Classification     PHARMACY SGT FA-FP Library SGT FA-FP Library Text Book 30/05/2017 AHUJA PUB 250.00 SGTU 8043 1 615.321 F10S FP2310 29/09/2018 28/09/2018 11/04/2017 Books
    Dewey Decimal Classification     PHARMACY SGT FA-FP Library SGT FA-FP Library Text Book 30/05/2017 AHUJA PUB 250.00 SGTU 8043 1 615.321 F10S FP2311 08/03/2021 16/02/2021 11/04/2017 Books
    Dewey Decimal Classification     PHARMACY SGT FA-FP Library SGT FA-FP Library Text Book 30/05/2017 AHUJA PUB 250.00 SGTU 8043 5 615.321 F10S FP2312 13/09/2024 13/09/2024 11/04/2017 Books
    Dewey Decimal Classification     PHARMACY SGT FA-FP Library SGT FA-FP Library Text Book 30/05/2017 AHUJA PUB 250.00 SGTU 8043 4 615.321 F10S FP2313 17/11/2021 17/11/2021 11/04/2017 Books
    Dewey Decimal Classification     PHARMACY SGT FA-FP Library SGT FA-FP Library Text Book 30/05/2017 AHUJA PUB 250.00 SGTU 8043 3 615.321 F10S FP2314 13/09/2024 13/09/2024 11/04/2017 Books
    Dewey Decimal Classification     PHARMACY SGT FA-FP Library SGT FA-FP Library Text Book 30/05/2017 AHUJA PUB 250.00 SGTU 8043 2 615.321 F10S FP2315 10/02/2018 30/01/2018 11/04/2017 Books
    Dewey Decimal Classification     PHARMACY SGT FA-FP Library SGT FA-FP Library Text Book 30/05/2017 AHUJA PUB 250.00 SGTU 8043 2 615.321 F10S FP2316 16/10/2017 16/10/2017 11/04/2017 Books
    Dewey Decimal Classification     PHARMACY SGT FA-FP Library SGT FA-FP Library Text Book 30/05/2017 AHUJA PUB 250.00 SGTU 8043 2 615.321 F10S FP2317 18/05/2026 16/05/2026 11/04/2017 Books
    Dewey Decimal Classification     PHARMACY SGT FA-FP Library SGT FA-FP Library Text Book 30/05/2017 AHUJA PUB 250.00 SGTU 8043   615.321 F10S FP2318 30/05/2017   11/04/2017 Books